000 00333nam a2200133Ia 4500
005 20251222140027.0
008 251222s1900||||xx |||||||||||||| ||spa||
020 _a84-344-8736-5
082 _a111.85/V27
100 _aValverde, José María
245 0 _aBreve Historia y Antología de la Estética
264 _bAriel
942 _cLIB
999 _c2829
_d2829